000 00881nam a2200229Ia 4500
999 _c35986
_d35986
001 1885
003 GE_BSU
005 20221007145720.0
008 181216s2005ru xx |||||||||||||| ||rus||
020 _a579750801Х
040 _cGE_BSU
041 _arus
080 _a342.4(470)(075.8) В-54
100 _aВитрук, Н.В.
_915147
245 _aКонституционное правосудие.Судебно-Конституционное право : и процесс
_bУчебное пособие для студ. вузов /
_cН.В. Витрук.
250 _aИзд. 2-е перер. идоп
264 _aМосква :
_bЮристь,
_c2006.
300 _a527 с.:
_b21 см.
653 _aКонституционное правосудие;
653 _aСудебно-Конститционное право и процес;с.
942 _cBK
_2udc